000 00559nam a2200193Ia 4500
008 120823t2005 xxu||||| |||| 00| 0 sin d
041 _asin
080 _a8-31(eng)
_bBUC
100 _aBuck,Pearl.S
245 _aඅමිමා සහ නිල් කබාය
246 _aAmma Saha Nil Kabaya
260 _asURIYA pUBLISHERS
_aColombo
_c2005
300 _b186p, 21 cm
500 _aSinhalese Translation Of Pearl .S Buck's of The Mother
700 _aDe Silva,Anula
_etr.
942 _cBK
999 _c41161
_d41161
003 LK-CoDNM
040 _aLK-CoDNM
_dLK-CoDNM
_eLK-CoDNM